Guess the Taylor Swift song with no hint 104 - Statistics

General Stats
  • This quiz has been taken 980 times
  • The average score is 209 of 325
Answer Stats
Answer % Correct
I
100%
a
98%
you
96%
the
95%
The
95%
we
94%
We
94%
me
90%
And
89%
and
89%
It
89%
be
88%
to
88%
my
87%
were
87%
we're
87%
in
86%
your
86%
on
85%
he
83%
He
83%
of
83%
was
82%
Was
82%
when
82%
Like
81%
what
79%
so
77%
that
77%
said
76%
how
69%
at
68%
"Oh
68%
Ooh
68%
ooh
68%
If
67%
night
67%
Have
66%
never
66%
Don't
65%
"Don't
65%
Don't
65%
could
63%
would
63%
made
61%
see
60%
best
59%
with
59%
Can't
58%
can't
58%
up
56%
"Look
54%
dancing
53%
get
52%
one
52%
starlight
52%
You'll
49%
things
48%
things"
48%
forget
45%
out
45%
place
44%
he's
43%
marvelous
43%
whole
43%
dream
42%
marvelous
42%
about
41%
moved
41%
tune"
41%
dressed
38%
way"
37%
impossible
36%
life
36%
into
35%
met
35%
dreams
33%
nines
33%
kids
32%
remember
32%
change
31%
much
31%
thinking
31%
'em
30%
summer
30%
teach
30%
ten
30%
crazy
29%
keep
28%
married
28%
'45
27%
party
27%
song
27%
talking
27%
walked
27%
wild
27%
prince
26%
running
26%
saying
26%
duchess
24%
Pretending
24%
spend
24%
worrying
24%
boardwalk
23%
club
23%
singing
23%
blues
22%
playing
22%
seventeen
22%
snuck
22%
Bobby
21%
yacht
21%
Picked
20%
late
19%
window
18%
ocean
16%
rocks
15%
skip
15%
tryna
13%
No matching quizzes found
Score Distribution
Percent of People with Each Score
Percentile by Number Answered
Your Score History
You have not taken this quiz